Superheroes Missing Double Letters Quiz Stats

 Plays Quiz Updated Sep 28, 2019

Score 0/36 Timer 04:00
11 Plays Today
% Correct
ee
92.6%
oo
92.5%
ee
92.4%
rr
92.1%
nn
92.1%
rr
92.1%
cc
91.8%
ll
91.6%
ss
91.5%
ll
91.3%
gg
90.4%
oo
90.2%
ee
89.4%
tt
89.3%
oo
87.3%
pp
86.4%
ee
85.9%
dd
85.3%
% Correct
ss
85.1%
dd
82.8%
ss
81.2%
cc
80.5%
tt
80.4%
cc
79.8%
tt
75.9%
pp
75.8%
ll
74.6%
mm
60.6%
mm
59.9%
rr
56.6%
zz
45.5%
mm
44.2%
nn
43.2%
nn
37.4%
dd
32.2%
aa
19.8%

You're not logged in!

Compare scores with friends on all Sporcle quizzes.
OR
Log In

Sporcle TV

Today on Sporcle TV


Watch our educational content, quiz creation guides, and fun videos on Sporcle TV.

Show Comments

Extras

Top Quizzes Today


Score Distribution

Your Account Isn't Verified!

In order to create a playlist on Sporcle, you need to verify the email address you used during registration. Go to your Sporcle Settings to finish the process.

Report this User

Report this user for behavior that violates our Community Guidelines.

Details: